| 000 | 01013cam a2200301 i 4500 | ||
|---|---|---|---|
| 001 | bg | ||
| 003 | BPK | ||
| 005 | 20201020122357.0 | ||
| 008 | 971216s1988 pl a f f |000 0 pol | ||
| 015 | _aPB 1988/6861 | ||
| 040 |
_aWA N _cBPK |
||
| 080 | _a621.317 | ||
| 080 | _a(075.8) | ||
| 100 | 1 |
_aUrban, Andrzej _eAutor |
|
| 245 | 1 | 0 |
_aPodstawy miernictwa. _nCz. 2 / _cAndrzej Urban ; [aut. cz. 2] Henryk Gierasimowicz. |
| 250 | _a[Wyd. 3]. | ||
| 250 | _a[Wyd. 1]. | ||
| 260 |
_aWarszawa : _bWydawnictwa Politechniki Warszawskiej, _c1988. |
||
| 300 |
_a213 s. : _brys., wykr. ; _c24 cm. |
||
| 500 | _aW haśle nazwa aut. cz. 1. | ||
| 504 | _aBibliogr. s. 212-213. | ||
| 650 | 4 |
_aElektrotechnika _xpomiary. |
|
| 655 | 4 | _aPodręczniki akademickie | |
| 700 | 1 | _aGierasimowicz, Henryk. | |
| 710 | 2 |
_aWydawnictwa Politechniki Warszawskiej _4pbl. |
|
| 856 |
_uhttp://koha.tu.koszalin.pl/cgi-bin/koha/opac-detail.pl?biblionumber=4391 _yKatalog online BPK |
||
| 942 |
_2UKD _cKS |
||
| 999 |
_c4391 _d4391 |
||